<?xml version="1.0" encoding="UTF-8"?>
<record
    xmlns:xsi="http://www.w3.org/2001/XMLSchema-instance"
    xsi:schemaLocation="http://www.loc.gov/MARC21/slim http://www.loc.gov/standards/marcxml/schema/MARC21slim.xsd"
    xmlns="http://www.loc.gov/MARC21/slim">

  <leader>     nam a22        4500</leader>
  <datafield tag="999" ind1=" " ind2=" ">
    <subfield code="c">89374</subfield>
    <subfield code="d">89125</subfield>
  </datafield>
  <controlfield tag="005">20240906104010.0</controlfield>
  <controlfield tag="008">240906b        xxu||||| |||| 00| 0 eng d0</controlfield>
  <datafield tag="040" ind1=" " ind2=" ">
    <subfield code="a">\a NG-ZaABU</subfield>
    <subfield code="c">\c NG-ZaABU</subfield>
    <subfield code="d">\d NG-ZaABU</subfield>
  </datafield>
  <datafield tag="050" ind1=" " ind2=" ">
    <subfield code="a">\a HF 554. 5. U48 Uma</subfield>
    <subfield code="b">\b 517138</subfield>
  </datafield>
  <datafield tag="100" ind1=" " ind2=" ">
    <subfield code="9">8731</subfield>
    <subfield code="a">a Umar, Abdulkadir Umar</subfield>
  </datafield>
  <datafield tag="245" ind1=" " ind2=" ">
    <subfield code="a">\a Assessment of the Effect of Motivation on Employee Turnover in Dawakinkudu and Tarauni Local Government  Education Authorities of Kano State</subfield>
    <subfield code="c">\c by Umar Abdulkadir Umar</subfield>
    <subfield code="h">\h [Text]</subfield>
  </datafield>
  <datafield tag="260" ind1=" " ind2=" ">
    <subfield code="a">\a Zaria:</subfield>
    <subfield code="b">\v Department of Public Administration, Ahmadu Bello University, Zaria,</subfield>
    <subfield code="c">\c 2018.</subfield>
  </datafield>
  <datafield tag="300" ind1=" " ind2=" ">
    <subfield code="a">\a xix,167p.:</subfield>
    <subfield code="b">\b ill.</subfield>
  </datafield>
  <datafield tag="502" ind1=" " ind2=" ">
    <subfield code="a">\a Faculty of Administration, Ahmadu Bello University, zARIA</subfield>
    <subfield code="b">\b (MSc) In Public Administration</subfield>
    <subfield code="d">\d May, 2018</subfield>
  </datafield>
  <datafield tag="504" ind1=" " ind2=" ">
    <subfield code="a">\a Includes bibliographical references</subfield>
  </datafield>
  <datafield tag="852" ind1=" " ind2=" ">
    <subfield code="a">\a K.I.L.</subfield>
    <subfield code="c">\c Africana Unit</subfield>
    <subfield code="p">\p 517138</subfield>
  </datafield>
  <datafield tag="942" ind1=" " ind2=" ">
    <subfield code="2">lcc</subfield>
    <subfield code="c">BK</subfield>
    <subfield code="h">\h 554.5.U48</subfield>
    <subfield code="k">\k HF</subfield>
    <subfield code="m">\m Uma</subfield>
  </datafield>
  <datafield tag="952" ind1=" " ind2=" ">
    <subfield code="0">0</subfield>
    <subfield code="1">0</subfield>
    <subfield code="2">lcc</subfield>
    <subfield code="4">0</subfield>
    <subfield code="7">0</subfield>
    <subfield code="a">KIL</subfield>
    <subfield code="b">KIL</subfield>
    <subfield code="c">AFRICA</subfield>
    <subfield code="d">2024-09-06</subfield>
    <subfield code="l">0</subfield>
    <subfield code="o">\o HF 554. 5. U48 Uma</subfield>
    <subfield code="p">\p 30005103026350</subfield>
    <subfield code="r">2024-09-06 00:00:00</subfield>
    <subfield code="t">\t 517138</subfield>
    <subfield code="w">2024-09-06</subfield>
    <subfield code="y">BK</subfield>
  </datafield>
</record>
